| 000 | 01184nam a2200289 a 4500 | ||
|---|---|---|---|
| 999 |
_c128438 _d128438 |
||
| 001 | 3062550 | ||
| 003 | ARRUPE | ||
| 005 | 20181023114753.0 | ||
| 008 | 960808s1991 nfc b 000 0 eng | ||
| 010 | _a 96178377 | ||
| 040 |
_aDLC _cDLC |
||
| 050 | 0 | 0 |
_aRA644.A25 _bG663 |
| 082 | 0 | 0 |
_a362.1/969792 _221 |
| 100 |
_aGordon, Gill _928830 |
||
| 245 | 0 | 0 |
_aTalking AIDS : _ba guide for community work _cGill Gordon and Tony Klouda |
| 260 |
_aLondon _bInternational Planned Parenthood Federation _c1988 |
||
| 300 |
_a98 p. ; _c21 cm. |
||
| 650 | 0 |
_aAIDS (Disease) _zAfrica _926556 |
|
| 906 |
_a7 _bcbc _corignew _d2 _encip _f19 _gy-gencatlg |
||
| 942 |
_2lcc _cMONOGRAPH |
||